000 00313nam a22001337a 4500
008 181101b xxu||||| |||| 00| 0 eng d
020 _a082112272-X
041 _aeng
080 _23rd
_a612.39
100 _a10
101 _aNUT
245 _aPurchasing for Food Service Managers
_cWarfel,M.C
942 _2udc
_cBK
999 _c51405
_d51405